| 000 | 01652nam a2200349 a 4500 | ||
|---|---|---|---|
| 001 | BRCA_5023 | ||
| 005 | 20190320204916.0 | ||
| 008 | 011110s1786----mx-######v---#000-0#spa-# | ||
| 041 | _aspa | ||
| 044 | _amx | ||
| 084 |
_aDOC90 _b.B67 _c1786 |
||
| 100 | 1 |
_aBorda, Manuel de la _912816 |
|
| 245 | 1 | 0 |
_aDocumento que avala la venta de una casa a favor de Don Manuel de la Borda _cManuel de la Borda ; Manuel Clavijo ; María Josefa de Oviedo. |
| 260 |
_aMéxico _c1786 |
||
| 300 |
_a[16] fojas _c31 x 21 cm. |
||
| 500 | _aDocumento firmado el 5 de mayo de 1786. | ||
| 500 | _aVenta de una casa que otorgó Don Manuel María Clavijo y Mora como albacea de María Josefa de Oviedo a favor del Doctor Manuel de la Borda. | ||
| 500 | _aContiene sello con el escudo de la casa de Borbón y lema: ´SELLO SEGUNDO. SEIS REALES. AÑOS DE MIL SETECIENTOS OCHENTA Y SIETE´. | ||
| 500 | _aContiene la leyenda en tinta morada: Maria Josefa Oviedo. | ||
| 500 | _aEl documento contiene la leyenda DOC.# 250. | ||
| 500 | _aPapel con marca de agua. | ||
| 500 | _aEstado de conservación: contiene pequeñas lagunas provocadas por insectos y los margenes deteriorados. | ||
| 506 | 0 | _aFondo Reservado. Para su consulta es necesario credencial de usuario y carta de motivos. | |
| 546 | _aTexto en: Español de finales del siglo XVIII. | ||
| 600 | 1 | 4 |
_aBorda, Manuel de la _xHistoria _912714 |
| 650 | 1 | 4 |
_aCompraventa de bienes raíces _vManuscritos _zMèxico _912817 |
| 651 | 4 |
_aMéxico _xHistoria _yColonia, 1521-1821 _912461 |
|
| 700 | 1 |
_aClavijo, Manuel María _912818 |
|
| 700 | 1 |
_aOviedo, María Josefa de _912819 |
|
| 902 | _aFDH | ||
| 942 |
_2lcc _cD |
||
| 999 |
_c4717 _d4717 |
||